First-Order Subdivision Flag Gauntlet 1 (FOSFG 1) - Statistics

General Stats
  • This quiz has been taken 48 times
    46 since last reset
  • The average score is 82 of 192
Answer Stats
Picture Answer % Correct
Iowa, US
86%
Arkansas, US
83%
Idaho, US
83%
Montana, US
83%
Oklahoma, US
83%
Oregon, US
83%
Washington, US
83%
California, US
80%
Kansas, US
80%
North Carolina, US
80%
Texas, US
80%
Wisconsin, US
80%
Colorado, US
77%
Florida, US
77%
Hawaii, US
77%
Illinois, US
77%
Maine, US
77%
Mayotte, France
77%
Nebraska, US
77%
New Mexico, US
77%
North Dakota, US
77%
Ohio, US
77%
Puerto Rico, US Territory
77%
Quebec, Canada
77%
Wyoming, US
77%
Arizona, US
74%
Bavaria, Germany
74%
Guam, US Territory
74%
South Dakota, US
74%
Alaska, US
71%
Indiana, US
71%
Virginia, US
71%
Corsica, France
69%
Kentucky, US
69%
Nevada, US
69%
New Hampshire, US
69%
Saint Barthélemy, France
69%
Louisiana, US
66%
Maryland, US
66%
American Samoa, US Territory
63%
Brittany, France
63%
Georgia, US
63%
Rhode Island, US
63%
Tennessee, US
63%
Alabama, US
60%
Delaware, US
60%
Nunavut, Canada
60%
Berlin, Germany
57%
French Guiana, France
57%
Moscow, Russia
57%
Saint Martin, France
57%
South Carolina, US
57%
U.S. Virgin Islands, US Territory
57%
British Columbia, Canada
54%
Mississippi, US
54%
Utah, US
54%
Vermont, US
54%
West Virginia, US
54%
Guadeloupe, France
51%
Manitoba, Canada
51%
Minnesota, US
51%
New Caledonia, France
51%
Ontario, Canada
51%
Réunion, France
51%
Saint Pierre and Miquelon, France
51%
French Polynesia, France
49%
Newfoundland and Labrador, Canada
49%
Wallis and Futuna, France
49%
Connecticut, US
46%
Hamburg, Germany
46%
Martinique, France
46%
Michigan, US
46%
New Jersey, US
46%
Niedersachsen, Germany
46%
Saskatchewan, Canada
46%
Bremen, Germany
43%
French Southern and Antarctic Lands, French Overseas Territories
43%
Jewish Autonomous Oblast, Russia
43%
Massachusetts, US
43%
Missouri, US
43%
New York, US
43%
Nova Scotia, Canada
43%
Occitania, France
43%
Sakhalin Oblast, Russia
43%
Alberta, Canada
40%
Chechnya, Russia
40%
Île-de-France, France
40%
New Brunswick, Canada
40%
Normandy, France
40%
Northern Mariana Islands, US Territory
40%
Pennsylvania, US
37%
Prince Edward Island, Canada
37%
Saarland, Germany
37%
Yukon, Canada
37%
Adygea, Russia
34%
Brandenburg, Germany
34%
Buryatia, Russia
34%
Dagestan, Russia
34%
Ingushetia, Russia
34%
North Ossetia-Alania, Russia
34%
Northwest Territories, Canada
34%
Rheinland-Pfalz, Germany
34%
Sakha Republic, Russia
34%
Tuva, Russia
34%
Altai Republic, Russia
31%
Baden-Württemberg, Germany
31%
Chuvashia, Russia
31%
Kalmykia, Russia
31%
Mordovia, Russia
31%
Saxony-Anhalt, Germany
31%
Saxony, Germany
31%
Tatarstan, Russia
31%
Udmurtia, Russia
31%
Auvergne-Rhône-Alpes, France
29%
Bashkortostan, Russia
29%
Kaliningrad Oblast, Russia
29%
Karelia, Russia
29%
Khakassia, Russia
29%
Nordrhein-Westfalen, Germany
29%
Omsk Oblast, Russia
29%
Saint Petersburg, Russia
29%
Schleswig-Holstein, Germany
29%
Volgograd Oblast, Russia
29%
Yamalo-Nenets Autonomous Okrug, Russia
29%
Amur Oblast, Russia
26%
Arkhangelsk Oblast, Russia
26%
Chukotka Autonomous Okrug, Russia
26%
Grand Est, France
26%
Hesse, Germany
26%
Irkutsk Oblast, Russia
26%
Kabardino-Balkaria, Russia
26%
Karachay-Cherkessia, Russia
26%
Khanty-Mansi Autonomous Okrug, Russia
26%
Komi Republic, Russia
26%
Krasnoyarsk Krai, Russia
26%
Leningrad Oblast, Russia
26%
Magadan Oblast, Russia
26%
Mari El, Russia
26%
Mecklenburg-Vorpommern, Germany
26%
Moscow Oblast, Russia
26%
Murmansk Oblast, Russia
26%
Nenets Autonomous Okrug, Russia
26%
Nouvelle-Aquitaine, France
26%
Orenburg Oblast, Russia
26%
Pays de la Loire, France
26%
Penza Oblast, Russia
26%
Primorsky Krai, Russia
26%
Provence-Alpes-Côte d'Azur, France
26%
Rostov Oblast, Russia
26%
Samara Oblast, Russia
26%
Thuringia, Germany
26%
Tomsk Oblast, Russia
26%
Tyumen Oblast, Russia
26%
Vladimir Oblast, Russia
26%
Vologda Oblast, Russia
26%
Altai Krai, Russia
23%
Astrakhan Oblast, Russia
23%
Bourgogne-Franche-Comté, France
23%
Bryansk Oblast, Russia
23%
Ivanovo Oblast, Russia
23%
Kaluga Oblast, Russia
23%
Kamchatka Krai, Russia
23%
Kemerovo Oblast, Russia
23%
Khabarovsk Krai, Russia
23%
Lipetsk Oblast, Russia
23%
Nizhny Novgorod Oblast, Russia
23%
Novgorod Oblast, Russia
23%
Perm Krai, Russia
23%
Ryazan Oblast, Russia
23%
Saratov Oblast, Russia
23%
Smolensk Oblast, Russia
23%
Stavropol Krai, Russia
23%
Sverdlovsk Oblast, Russia
23%
Tambov Oblast, Russia
23%
Tula Oblast, Russia
23%
Tver Oblast, Russia
23%
Ulyanovsk Oblast, Russia
23%
Voronezh Oblast, Russia
23%
Zabaykalsky Krai, Russia
23%
Belgorod Oblast, Russia
20%
Chelyabinsk Oblast, Russia
20%
Hauts-de-France, France
20%
Kirov Oblast, Russia
20%
Kostroma Oblast, Russia
20%
Krasnodar Krai, Russia
20%
Kurgan Oblast, Russia
20%
Kursk Oblast, Russia
20%
Novosibirsk Oblast, Russia
20%
Oryol Oblast, Russia
20%
Pskov Oblast, Russia
20%
Centre val de Loire, France
17%
Yaroslavl Oblast, Russia
17%
No matching quizzes found
Score Distribution
Percent of People with Each Score
Percentile by Number Answered
Your Score History
You have not taken this quiz since the last reset